000 00819nam a2200277Ia 4500
001 Para_5524
003 CHAP
008 220125s1931 xx 000 0 und d
010 _a203983
040 _cCHAP
090 _aPA FOLLETO 2839
100 _aWildermuth, V. L.
_9121922
245 _aThe red harvester ant and how to subdue it /
_c by V. l. Wildermuth and E. G. Davis
260 _aWashington :
_b Department of Agriculture
300 _a22 p.
440 _aEUA. Dep. of Agri. Farmers'bull.; 1668
_9170010
650 _aPogonomyrmex barbatus Control de plagas
_9170011
700 _aDavis, E. G.
_931258
901 _aPA FOLLETO 2839
902 _aA
905 _a0000001931 WAS 0000000000 00
910 _a1931
942 _cPARA
942 _cPARA
_d1
999 _c203983
_d203983